Kariera trenerska Paulo Sousy. - Statystyki

Ogólne statystyki
  • Ten quiz został rozwiązany 40 razy
  • Średni wynik to 4 z 10
Statystyki odpowiedzi
Lata Drużyna % Poprawnych
2021-teraz Polska
95%
2015-2017 Fiorentina
65%
2019-2020 Bordeaux
59%
2014-2015 Basel
41%
2010-2010 Leicester
32%
2013-2014 Maccabi Tel Aviv
24%
2011-2013 Videoton
22%
2009-2010 Swansea
19%
2008-2009 QPR
11%
2017-2018 TJ Quanjian
0%
Nie znaleziono quizów pasujących do podanych kryteriów
Rozkład punktacji
Procent ludzi z każdym wynikiem
Percentyl według liczby udzielonych odpowiedzi
Twoja historia wyników
Nie rozwiązałeś tego quizu